01914nam a2200493 i 450000100060000000300080000600500170001400600190003100700150005000800410006502000270010602000180013303500230015103500240017403500250019803500210022304000310024405000240027508200150029924501270031425000180044126400390045930000410049833600310053933700330057033800430060349000270064650000230067350400510069658801290074759001640087665000410104065000410108165000330112265000330115565500270118870000210121570000210123670000370125779700190129483000280131385600620134199900170140364877FlNmELB20241217142559.0m o d | cr cnu||||||||140910s2014 sp ob 001 0 spa d a9788490642573 (e-book) z9788490641255 a(MiAaPQ)EBC3224725 a(Au-PeEL)EBL3224725 a(CaPaEBR)ebr10915393 a(OCoLC)992109461 aFINmELBbspaerdacFINmELB 4aP85.M65b.L755 20140 a410.9222303aLa lingüística en España :b24 autobiografías /cXavier Laborda, Lourdes Romera, Ana M. Fernández Planas (eds.). a1. edición. 1aBarcelona :bEditorial UOC,c2014. a1 recurso en línea (402 páginas) atextobtxt2rdacontent/spa acomputadorabc2rdamedia/spa arecurso en líneabcr2rdacarrier/spa1 aLingüística ;v305 aEnsayos recogidos. aIncludes bibliographical references and index. aDescripción basada en recurso en línea; Título de la página del título en PDF (e-libro, visto September 11, 2013). aRecurso electrónico. Santa Fe, Arg.: e-libro, 2015. Disponible vía World Wide Web. El acceso puede estar limitado para las bibliotecas afiliadas a e-libro. 4aLingüistaszEspañavBiografía. 4aLingüísticazEspañaxHistoria. 0aLinguistszSpainvBiography. 0aLinguisticszSpainxHistory. 4aLibros electrónicos.1 aLaborda, Xavier.1 aRomera, Lourdes.1 aFernández Planas, Ana María.2 ae-libro, Corp. 0aLingüística ;v305.40uhttps://elibro.net/ereader/politecnicointernacional/57683 c64877d64877